| 000 | 00999nam a22002537a 4500 | ||
|---|---|---|---|
| 999 |
_c18883 _d18883 |
||
| 003 | AR-CdUCM | ||
| 008 | 190515b ||||| |||| 00| 0 spa d | ||
| 020 | _a84-500-7581-5 | ||
| 040 |
_aMUNICIPALIDAD PROVINCIAL DEL CUSCO _cBIBLIOTECA MUNICIPAL DEL CUSCO |
||
| 082 |
_a946.8 / _bG71 |
||
| 100 |
_aGonzáles Moreno, Joaquín _939781 |
||
| 245 |
_aMontilla, aportaciones para su historia : _b( I ciclo de conferencias sobre historia de Montilla) / |
||
| 260 |
_aMontilla : _bImp. Tenllado, _c1982. |
||
| 300 |
_a342 páginas ; _c22 cm. |
||
| 505 | _aContenido: Montilla, capital del estado de priego -- Sociedad y política en la montilla de la restauración -- La economía montillana a mediados del siglo XVIII ... | ||
| 650 |
_aEconomía _9382 |
||
| 650 |
_aSociedad _953 |
||
| 650 |
_aPolítica _9291 |
||
| 700 |
_aCasas Sánchez, José _939782 |
||
| 700 |
_aCosano Moyano, José _939783 |
||
| 700 |
_aCobos Ruíz de Adana, José _939784 |
||
| 942 |
_2ddc _cLIBROS |
||
| 945 |
_aacv _d2019-05-15 |
||